000 01052nam a2200361 4500
001 282688
003 DO-SdBNP
005 20180222154011.0
007 282688
008 110328s1994 sp d spa
015 _a
017 _a
_b
035 _a
040 _a BPMSU
_bspa
_cBPMSU
_e
041 0 _dspa
_d
084 _a
_2
100 1 _a Dahl, Roald,
_d 1916-1990.
245 1 0 _aMatilda /
_cRoald Dahl ; traducción de Pedro Barbadillo ; ilustraciones de Quentin Blake.
260 _aMadrid :
_bAlfaguara,
_c1994
300 _a 230 p.:
_c24 cm.
_b
_e
336 _aMúsica (interpretada)
_2isbdcontent
337 _aaudio
_2isbdmedia
490 _aIngantil . Juvenil
500 _a Incluye datos biográficos del autor en la solapa
511 1 _a
650 7 _aMúsica pop
_2embne
700 _aBarbadillo Gómez, Pedro
_etr.
700 _a Blake, Quentin,
_d1932-
_eil.
830 _pIngantil . Juvenil
942 _2ddc
_cBK
945 _aInventariado, 2018 / BT
956 _aVMATEO
_210
_320160328
_6BPMSU
_80069
999 _c9405
_d9405